| 000 | 00619nam a2200205 i 4500 | ||
|---|---|---|---|
| 001 | 146534 | ||
| 003 | ES-MaACL | ||
| 005 | 20230906201554.0 | ||
| 007 | t| | ||
| 008 | 070911s1980 ag ||||1| spa d | ||
| 080 | _a130.2"19" | ||
| 100 | 1 |
_aToynbee, Arnold Joseph. _9111194 |
|
| 245 | 1 | 0 |
_aEscoge la vida / _cArnold J. Toynbee, Daisaku Ikeda ; diálogo compilado por Richard L. Cage. |
| 260 |
_a[Buenos Aires : _bEmecé, _c1980] |
||
| 300 |
_a359 p. ; _c20 cm. |
||
| 650 | 0 | 4 |
_aCivilización- _yS.XX. _911085 |
| 700 | 1 |
_aIkeda, Daisaku. _965160 |
|
| 700 | 1 |
_aGage, Richard L. _9154967 |
|
| 852 |
_aES-MaACL _jL-530 |
||
| 999 |
_c146534 _d146534 |
||